000 00861nam a2200265 a 4500
003 OSt
005 20131017160233.0
008 131017s2003 ag ||||| |||| 00| 0 spa d
040 _cBiblioteca Medicina
041 _aspa
082 _bCONGRESOS 033
100 1 _aBloch, Claudio
_92725
245 0 0 _aSeminario VII: Indicadores de seguimiento de Politicas en Salud
250 _a1ยบ ed
260 _aBuenos Aires
_bCentro de Estudios de Estado y Sociedad
_c2003
300 _a29 p.
440 0 _aSeminarios Salud y Politica Publica
_92706
653 _aPOLITICAS EN SALUD-CONTROL
700 1 _aLevcovich, Monica
_92726
700 1 _aOrtiz, Zulma
_92727
700 1 _aPichon Riviere, Andres
_92728
856 _awww.cedes.org
942 _2ddc
_cPH
999 _c1812
_d1812
952 _40
_00
_bBFM
_10
_oCONGRESOS 033
_d2013-10-17
_tEj. 1
_8NFIC
_70
_cCR
_2ddc
_yPH
_aBFM